La viuda que se quedó tiesa (Record no. 127430)

MARC details
000 -CABECERA
campo de control de longitud fija 00839nam a2200277 u 4500
003 - IDENTIFICADOR DEL NÚMERO DE CONTROL
campo de control UPN
005 - FECHA Y HORA DE LA ÚLTIMA TRANSACCIÓN
campo de control 20240412121632.0
008 - ELEMENTOS DE LONGITUD FIJA--INFORMACIÓN GENERAL
campo de control de longitud fija 080408t2004 ve a br 000 1 spa d
020 ## - NÚMERO INTERNACIONAL NORMALIZADO PARA LIBROS
Número Internacional Estándar del Libro 9806406575
035 ## - NÚMERO DE CONTROL DEL SISTEMA
Número de control de sistema UPN01000155315
040 ## - FUENTE DE LA CATALOGACIÓN
Centro catalogador/agencia de origen MX-MxUPN
Lengua de catalogación spa
Centro/agencia transcriptor MX-MxUPN
041 ## - CÓDIGO DE IDIOMA
Código de lengua del texto/banda sonora o título independiente spa
050 #4 - SIGNATURA TOPOGRÁFICA DE LA BIBLIOTECA DEL CONGRESO
Número de clasificación PZ74.1
Número de documento/Ítem G37 2004
100 1# - ASIENTO PRINCIPAL--NOMBRE PERSONAL
Nombre de persona Garmendia, Salvador,
Fechas asociadas al nombre 1928-2001
9 (RLIN) 36360
245 13 - MENCIÓN DE TÍTULO
Título La viuda que se quedó tiesa
260 ## - PUBLICACIÓN, DISTRIBUCIÓN, ETC.
Lugar de publicación, distribución, etc. Caracas :
Nombre del editor, distribuidor, etc. Rayuela,
Fecha de publicación, distribución, etc. ©2004.
300 ## - DESCRIPCIÓN FÍSICA
Extensión [28] páginas:
Otras características físicas ilustraciones
490 ## - MENCIÓN DE SERIE
Mención de serie Colección Narrativa infantil
650 #4 - ASIENTO SECUNDARIO DE MATERIA - TERMINO TEMATICO
Término de materia o nombre geográfico como elemento de entrada Cuentos infantiles venezolanos
9 (RLIN) 10764
650 #4 - ASIENTO SECUNDARIO DE MATERIA - TERMINO TEMATICO
Término de materia o nombre geográfico como elemento de entrada Emociones
9 (RLIN) 39
700 1# - ASIENTO SECUNDARIO--NOMBRE DE PERSONAL
9 (RLIN) 51507
Nombre de persona Irazabál, Víctor Hugo,
Fechas asociadas al nombre 1945-
Término indicativo de función/relación ilustración
700 1# - ASIENTO SECUNDARIO--NOMBRE DE PERSONAL
9 (RLIN) 51508
Nombre de persona Ruíz, Marvic
Término indicativo de función/relación ilustración
902 ## - ELEMENTOS DE DATOS B LOCAL, LDB (RLIN)
Modificó MaríaRobles/110424
905 ## - TIPO DE MATERIAL
Tipo de material Infantil
942 ## - ELEMENTOS DE PUNTO DE ACCESO ADICIONAL (KOHA)
Fuente del sistema de clasificación o colocación Library of Congress Classification
Tipo de ítem Koha Libro
Suprimir en OPAC No
Holdings
Estado de retiro Estado de pérdida Fuente del sistema de clasificación o colocación Estado dañado No para préstamo Código de colección Localización permanente Ubicación/localización actual Ubicación en estantería Fecha de adquisición Clasificación Código de barras Fecha visto por última vez Número de copia Tipo de ítem Koha
    Library of Congress Classification     Infantil Bib. Gregorio Torres Quintero Bib. Gregorio Torres Quintero Sala infantil Planta baja 11/04/2024 PZ74.1 G37 2004 257682 31/12/2020 Ej.2 Libro
    Library of Congress Classification     Infantil Bib. Gregorio Torres Quintero Bib. Gregorio Torres Quintero Sala infantil Planta baja 10/05/2023 PZ74.1 G37 2004 258887 31/12/2020   Libro